A universal solution for processing metadata in the cloud
Salvato in:
| Autore principale: | |
|---|---|
| Altri autori: | |
| Natura: | Manoscritto Libro |
| Lingua: | slovacco inglese |
| Pubblicazione: |
2025
|
| Soggetti: | |
| Accesso online: | http://is.stuba.sk/zp/portal_zp.pl?podrobnosti=183674 |
| Tags: |
Nessun Tag, puoi essere il primo ad aggiungerne!!
|
MARC
| LEADER | 00000ntm a22000003a 4500 | ||
|---|---|---|---|
| 001 | stuzp105836 | ||
| 003 | SK-STU | ||
| 005 | 20250607211759.9 | ||
| 007 | ta | ||
| 008 | 150427s2015----xo-----f-mn---000-0-slo-d | ||
| 040 | |a STU |b slo | ||
| 041 | 0 | |a eng | |
| 100 | 1 | |a Lukács, Bence Márk |u 070400 |4 aut |U FIIT Fakulta informatiky a informačných technológií |T FIIT Ústav počítačového inžinierstva a aplikovanej informatiky |X 103030 |U I400 |Y 672 |7 103030 | |
| 242 | 0 | 1 | |a Univerzálne riešenie na spracovanie metadát v cloude |y slo |
| 245 | 1 | 0 | |a A universal solution for processing metadata in the cloud |
| 260 | |c 2025 | ||
| 650 | 4 | |a Distributed Systems |2 eng | |
| 650 | 4 | |a AI-Powered Data Extraction |2 eng | |
| 650 | 4 | |a Cloud Storage |2 eng | |
| 650 | 4 | |a File Systems |2 eng | |
| 650 | 4 | |a Metadata Management |2 eng | |
| 650 | 4 | |a Distribuované systémy |2 slo | |
| 650 | 4 | |a Extrakcia poháňaná AI |2 slo | |
| 650 | 4 | |a Cloudové úložisko |2 slo | |
| 650 | 4 | |a Súborové systémy |2 slo | |
| 650 | 4 | |a Správa metadát |2 slo | |
| 700 | 1 | |a Szabó, Gabriel |4 ths |X 22280 |7 A000022280 | |
| 856 | 4 | |u http://is.stuba.sk/zp/portal_zp.pl?podrobnosti=183674 | |